Top 5 Best MLB teams of the 80's - Statistics

General Stats
  • This quiz has been taken 296 times
  • The average score is 3 of 5
Answer Stats
Wins Team % Correct
854 New York Yankees
92%
825 Los Angeles Dodgers
87%
825 St. Louis Cardinals
69%
839 Detroit Tigers
54%
826 Kansas City Royals
42%
No matching quizzes found
Score Distribution
Percent of People with Each Score
Percentile by Number Answered
Your Score History
You have not taken this quiz